La madre de los reyes = Matka Krolow /
Crónica de la vida en Polonia posterior a la muerte de Stalin, en que los pobladores sobreviven a los errores económicos y políticos heredados del líder soviético. La historia se cuenta a través de la figura de la madre de cuatro hijos, quien al quedar viuda se convierte en el sostén de su familia....
Salvato in:
| Autore principale: | |
|---|---|
| Altri autori: | , , , , , , , |
| Natura: | |
| Lingua: | polacco |
| Pubblicazione: |
Varsovia, Polonia :
Zespól Filmowy X,
1982, c1982
|
| Serie: | (Lo Mejor del Cine Contemporáneo)
|
| Soggetti: | |
| Tags: |
Nessun Tag, puoi essere il primo ad aggiungerne!!
|
MARC
| LEADER | 00000ngm^a2200000^a^4500 | ||
|---|---|---|---|
| 001 | 000049395 | ||
| 005 | 20250521000000.0 | ||
| 009 | 20260526115259.493 | ||
| 037 | |a Acervo ITESO - Biblioteca | ||
| 041 | |a POL | ||
| 082 | |a 891. 85 |b ZAO | ||
| 100 | |a Zaorski, Janusz |e (autor) | ||
| 240 | 1 | 1 | |a [Madre de reyes] |
| 240 | 1 | 1 | |a [Madre de reyes. Adaptaciones] |
| 240 | 1 | 4 | |a [La madre de reyes, de Janusz Zaorski] |
| 245 | 1 | 3 | |a La madre de los reyes = |b Matka Krolow / |c J. Zaorski. |
| 246 | 2 | |a Título en México: La madre de reyes [salas de cine] | |
| 246 | 2 | |a Título en México: La madre de los reyes [salas de cine y video] | |
| 264 | 4 | |a Varsovia, Polonia : |b Zespól Filmowy X, |c 1982, c1982 | |
| 264 | 2 | |a México : |b CONACULTA [distribución], |c fecha no identificada | |
| 300 | |a 1 videocasete VHS (121 min.) : |b color | ||
| 336 | |a imagen móvil bidimensional |b tdi |2 rdacontenido | ||
| 337 | |a video |b v |2 rdamedio | ||
| 338 | |a videocasete |b vf |2 rdasoporte | ||
| 440 | 1 | |a (Lo Mejor del Cine Contemporáneo) | |
| 500 | |a Basado en: Madre de reyes, de Kazimier Brandys | ||
| 520 | |a Crónica de la vida en Polonia posterior a la muerte de Stalin, en que los pobladores sobreviven a los errores económicos y políticos heredados del líder soviético. La historia se cuenta a través de la figura de la madre de cuatro hijos, quien al quedar viuda se convierte en el sostén de su familia. Dentro de su ingenuidad, escribe al presidente de la república para pedirle un trabajo, sin obtener nunca una respuesta oficial. | ||
| 546 | |a En polaco, con subtítulos en español | ||
| 649 | |a XX | ||
| 650 | |a Madres en el Cine | ||
| 650 | |a Mujeres en el Cine | ||
| 650 | |a Películas Históricas | ||
| 650 | |a Dramas Cinematográficos | ||
| 650 | |a Cine en Blanco y Negro - |z Polonia | ||
| 650 | |a Cine Polaco - |y 1980-1989 | ||
| 650 | |a Cine Polaco - |y Siglo XX | ||
| 650 | |a Novela Polaca - |x Adaptaciones para Cine | ||
| 650 | |a Literatura Polaca - |y Siglo XX - |x Adaptaciones para Cine | ||
| 650 | |a Literatura y Cine | ||
| 650 | |a Maternidad | ||
| 650 | |a Relaciones Padres-Hijos | ||
| 650 | |a Estalinismo - |z Polonia - |x Historia - |y 1945-1956 | ||
| 650 | |a Totalitarismo - |z Polonia - |x Historia - |y 1945-1956 | ||
| 650 | |a Dictadura - |z Polonia - |x Historia - |y 1945-1956 | ||
| 650 | |a Cristianismo y Política - |z Polonia - |x Historia - |y 1945-1956 | ||
| 650 | |a Política y Religión - |z Polonia - |x Historia - |y 1945-1956 | ||
| 650 | |a Política - |z Polonia - |x Historia - |y 1945-1956 | ||
| 650 | |a Polonia - |x Historia - |y 1945-1956 - |x Tema Principal | ||
| 650 | |a Polonia - |x Historia - |y República Popular, 1945-1989 | ||
| 650 | |a Polonia - |x Historia - |y Siglo XX | ||
| 700 | |a Zaorski, Janusz |e (guión) | ||
| 700 | |a Klosinski, Edward |e (fotógrafo) | ||
| 700 | |a Star-Tyszkiewicz, Gabriela |e (vestuario) | ||
| 700 | |a Bartczak, Józef |e (montaje) | ||
| 700 | |a Gintrowski, Przemyslaw |e (música) | ||
| 700 | |a Wójcik, Magda Teresa |e (actuación) | ||
| 700 | |a Zapasiewicz, Zbigniew |e (actuación) | ||
| 700 | |a Pieczka, Franciszek |e (actuación) | ||
| 910 | |a Fondo General | ||
| 920 | |a Audiovisuales - Videocasetes | ||
| 940 | |a Películas | ||
| 905 | |a 301 | ||
| 901 | |a 0500003825 |b IT2 |c VIS |u 20250521 | ||
| 902 | |a https://opac.biblio.iteso.mx/vufind/Record/000049395 | ||